| 000 | 01212cam a22003015a 4500 | ||
|---|---|---|---|
| 001 | 017445866 | ||
| 003 | Uk | ||
| 005 | 20160823161823.0 | ||
| 006 | m || d | | ||
| 007 | cr ||||||||||| | ||
| 008 | 150706s2016 enk a fr 001|0|eng|d | ||
| 015 |
_aGBB595469 _2bnb |
||
| 020 | _a0081005873 | ||
| 020 | _z9780081005873 | ||
| 040 |
_aStDuBDS _beng _cStDuBDS _dEG-ScBUE _epn |
||
| 082 | 0 | 4 |
_222 _a658.150151 _bSWA |
| 100 | 1 |
_aSwan, Jonathan, _d1962- _940835 |
|
| 245 | 1 | 0 |
_aPractical financial modelling : _bthe development and audit of cash flow models / _cJonathan Swan. |
| 250 | _a3rd ed. | ||
| 260 |
_aOxford : _bButterworth-Heinemann / Elsevier, _cc.2016. |
||
| 300 |
_axxxviii, 297 p. : _bill. ; _c23 cm. |
||
| 500 | _aIndex : p. 291-297 | ||
| 505 | 0 | _aPt. 1, The Modelling Environment : Quality Assurance -- Quality Control -- Model Structure -- Pt.2, The Modelling Process : Referencing and Range Process -- Mainly Formulas -- Mainly Functions -- Model Use -- Sensitivity Analysis and Scenarios -- Automation. | |
| 650 | 7 |
_aBusiness enterprises _xFinance _xMathematical models. _2BUEsh _940836 |
|
| 651 | _2BUEsh | ||
| 653 |
_bBUSADM _cAugust 2016 |
||
| 942 |
_2ddc _e22 _k658.150151 SWA |
||
| 999 |
_c22213 _d22185 |
||